Psychological manifestations during menopausal period in relation to some personality and background variables (Record no. 18739)

MARC details
000 -LEADER
fixed length control field 00610nam a2200181Ia 4500
082 ## - DEWEY DECIMAL CLASSIFICATION NUMBER
Classification number TL.0005
100 ## - MAIN ENTRY--AUTHOR NAME
Personal name Lavakare, Neelakshi Arvind
245 #0 - TITLE STATEMENT
Title Psychological manifestations during menopausal period in relation to some personality and background variables
260 ## - PUBLICATION, DISTRIBUTION, ETC. (IMPRINT)
Year of publication 1987
Name of publisher S.N.D.T. Women's University
300 ## - PHYSICAL DESCRIPTION
Number of Pages 235p. + C D - 45
650 ## - SUBJECT ADDED ENTRY--TOPICAL TERM
Topical Term CHANGE OF LIFE IN WOMEN//MENOPAUSE
650 ## - SUBJECT ADDED ENTRY--TOPICAL TERM
Topical Term MENOPAUSE
650 ## - SUBJECT ADDED ENTRY--TOPICAL TERM
Topical Term MENSTRUATION - CESSATION//MENOPAUSE
650 ## - SUBJECT ADDED ENTRY--TOPICAL TERM
Topical Term WOMEN - PSYCHOLOGY
650 ## - SUBJECT ADDED ENTRY--TOPICAL TERM
Topical Term FEMININE PSYCHOLOGY//WOMEN - PSYCHOLOGY
710 ## - ADDED ENTRY--CORPORATE NAME
Corporate name or jurisdiction name as entry element Pandit, Harshida
942 ## - ADDED ENTRY ELEMENTS (KOHA)
Koha item type Thesis
Source of classification or shelving scheme Dewey Decimal Classification
Holdings
Withdrawn status Lost status Damaged status Not for loan Home library Current library Date acquired Bill Date Full call number Accession Number Price effective from Koha item type
        NASSDOC Library NASSDOC Library 08/10/2004 2004-10-22 TL.0005 29147 18/04/2019 Thesis